Jean 1. 10-14 - Statistiques

Statistiques générales
  • Ce quiz a été pris 21 fois
  • Le résultat moyen est 42 sur 116
Statistiques - réponses
Versets : % Correct
a
67%
dans
67%
de
67%
de
67%
de
67%
de
67%
devenir
67%
Dieu,
67%
Dieu.
67%
donné
67%
droit
67%
du
67%
d'un
67%
Elle
67%
elle
67%
enfants
67%
et
67%
était
67%
fait
67%
humaine,
67%
la
67%
la
67%
le
67%
le
67%
le
67%
mais
67%
mari,
67%
monde
67%
monde
67%
nature,
67%
nés
67%
nés
67%
ni
67%
ni
67%
non
67%
par
67%
par
67%
puisqu'ils
67%
qu'ils
67%
sont
67%
sont
67%
une
67%
volonté
67%
volonté
67%
a
33%
à
33%
à
33%
acceptée,
33%
accueillie.
33%
ceux
33%
ceux
33%
chez
33%
croient
33%
elle,
33%
Elle
33%
en
33%
est
33%
et
33%
été
33%
fait
33%
l'a
33%
le
33%
les
33%
les
33%
l'ont
33%
l'ont
33%
Mais
33%
monde
33%
ne
33%
ne
33%
nom,
33%
par
33%
pas
33%
pas
33%
pourtant
33%
qui
33%
qui
33%
reconnue.
33%
siens,
33%
siens
33%
son
33%
tous
33%
venue
33%
a
0%
avons
0%
celle
0%
comme
0%
contemplé
0%
de
0%
de
0%
du
0%
du
0%
elle
0%
Et
0%
et
0%
et
0%
faite
0%
Fils
0%
gloire,
0%
gloire
0%
grâce
0%
habité
0%
homme,
0%
la
0%
nous,
0%
nous
0%
parmi
0%
Parole
0%
Père.
0%
pleine
0%
sa
0%
s'est
0%
une
0%
unique
0%
venu
0%
vérité,
0%
Aucun quiz correspondant
Distribution des résultats
% des personnes avec chaque résultat
Percentile par nombre de réponses
Votre historique - résultats
Vous n’avez pas pris ce quiz